| 000 | 00608cam a2200229 a 4500 | ||
|---|---|---|---|
| 001 | 2349957 | ||
| 005 | 20180130034526.0 | ||
| 008 | 830418s1983 nyua b 001 0 eng | ||
| 010 | _a 83007411 | ||
| 020 | _a0443081778 | ||
| 040 |
_aDLC _cDLC _dDLC |
||
| 041 | _aeng | ||
| 060 | _aWO 440 P371 | ||
| 080 | _a617.96798 GRE | ||
| 082 | 0 | 0 |
_a617.96798 GRE _219 |
| 100 | _a6 | ||
| 101 | _aANE | ||
| 245 | 0 | 0 |
_aPediatric anesthesia / _c[edited by] George A. Gregory. |
| 504 | _aIncludes bibliographical references and index. | ||
| 906 |
_a7 _bcbc _corignew _d1 _eocip _f19 _gy-gencatlg |
||
| 942 |
_2ddc _cBK |
||
| 999 |
_c41225 _d41225 |
||